Bangladesh : contemporary development issues /

Bibliographic Details
Main Author: Jahan, Selim (Author)
Format: Book
Language:English
Published: Dhaka : Mowla Brothers, 2025.
Subjects:
Classic Catalogue: View this record in Classic Catalogue
LEADER 01183nam a22002897a 4500
001 44423
003 BD-DhAAL
005 20250430143310.0
008 250430t2025 bg ||||| |||| 00| 0 eng d
020 |a 9789849956907 
040 |a BD-DhAAL  |c BD-DhAAL 
082 |a 330.95492  |2 23 
100 |a Jahan, Selim,  |e author.  |9 48821 
245 |a Bangladesh :  |b contemporary development issues /  |c Selim Jahan. 
260 |a Dhaka :  |b Mowla Brothers,  |c 2025. 
300 |a 232 pages ;  |b 22 cm 
500 |a First published. 
526 |a BIGD  |x Imran Matin, PhD Executive Director BRAC Institute of Governance and Development (BIGD) 
541 |a Mowla Brothers  |e 44423 
650 |a Economic development  |x Bangladesh.  |9 19800 
650 |a Economics. 
651 |a Bangladesh  |x Economic conditions. 
651 |a Bangladesh  |x Social conditions. 
852 |a Ayesha Abed Library 
942 |2 ddc  |c BK 
999 |c 47298  |d 47298 
952 |0 0  |1 0  |2 ddc  |4 0  |6 330_954920000000000_JAH  |7 0  |9 77689  |a BIGD  |b BIGD  |d 2025-04-30  |e Mowla Brothers  |g 340.00  |l 0  |o 330.95492 JAH  |p 3050044423  |r 2025-04-30  |t 1  |v 480.00  |w 2025-04-30  |y BK  |x Requisitioned by Imran Matin, Executive Director, BRAC Institute of Governance and Development (BIGD)